000 00443nam a22001817a 4500
003 MPLRDC
005 20220104113937.0
008 210129b ||||| |||| 00| 0 eng d
082 _a848.2 YQQ v.2
100 _a袁琼琼著
245 _a两个人的事
_c
250 _a十二版
260 _a
_b洪范书店有限公司
_c1988
300 _b
490 _a洪范文学丛书;98
650 _a现代别集
942 _cBK
_o848.2 YQQ v.2
999 _c3581
_d3571